01066 a2200181 45000010006000000050017000060080041000230030015000640400040000790800084001192450055002032500011002582640028002693000019002975050513003161000024008297000031008535901520260407155845.0260407a1963 arg spa dAR-UNSa-BCEJYS aAR-UNSa-BCEJYSbspacAR-UNSa-BCEJYS a338.1xSituación económica. Ciclos. Desarrollo de la estructura económica10aUna aportación a la teoria del ciclo económico a3a.ed. 1aMadrid :bAguilarc1963 a268 p.c18 cm. a1. Antecedentes – 2. El ahorro, la inversión y el multiplicador – 3. El multiplicador en una economía dinámica – 4. Inversión inducida – 5. El acelerador, en acción-I: La posibilidad de equilibrio – 6. El acelerador, en acción-II: Inestabilidad del equilibrio – 7. ¿Ciclos libres o limitados? – 8. El ciclo en esquema – 9. Periodicidad y regularidad – 10. Reconsideración de los problemas del “techo” – 11. El factor monetario – 12. La posición del factor monetario1 aHicks, John Richard1 aSempere Colomina, Gregorio